| 000 | 01114pam a2200289 a 4500 | ||
|---|---|---|---|
| 008 | |||
| 020 | _a0720122171(hbk.) | ||
| 049 | _aMAIN | ||
| 090 | _aREF LB43 INT | ||
| 245 | 0 | 0 |
_aInternational guide to qualifications in education / _cthe British Council, the National Academic Recognition Information Centre (NARIC) for the United Kingdom. |
| 250 | _a4th ed. | ||
| 260 |
_aLondon ; _aNew York : _bMansell, _c1996. |
||
| 300 |
_axvi, 919 p. ; _c26 cm. |
||
| 650 | 0 |
_aStudents, Foreign _zGreat Britain. |
|
| 650 | 0 |
_aSchool credits _xStandards _xEvaluation. |
|
| 650 | 0 |
_aUniversities and colleges _zGreat Britain _xEntrance requirements. |
|
| 650 | 0 | _aComparative education. | |
| 650 | 0 |
_aEducation _xStandards. |
|
| 650 | 4 |
_aSchool credits _xStandards _xEvaluation. |
|
| 650 | 4 |
_aUniversities and colleges _zGreat Britain _xEntrance requirements. |
|
| 710 | 2 | _aNational Academic Recognition Information Centre (Great Britain) | |
| 907 |
_a.b10073577 _b17-01-07 _c17-04-03 |
||
| 003 | |||
| 005 | 20230120191422.0 | ||
| 040 | _cNUST | ||
| 942 |
_cBOOKS _kREF LB43 INT |
||
| 999 |
_c100783 _d100783 |
||